Mentalités médiévales : Tome 2 - Représentations collectives (XIe-XVe siècle) (notice n° 2127041)

détails MARC
000 -LEADER
fixed length control field 01134cam a2200133 4500500
005 - DATE AND TIME OF LATEST TRANSACTION
control field 20260405021009.0
041 ## - LANGUAGE CODE
Language code of text/sound track or separate title fre
042 ## - AUTHENTICATION CODE
Authentication code dc
100 10 - MAIN ENTRY--PERSONAL NAME
Personal name Martin, Hervé
Relator term author
245 00 - TITLE STATEMENT
Title Mentalités médiévales : Tome 2 - Représentations collectives (XIe-XVe siècle)
260 ## - PUBLICATION, DISTRIBUTION, ETC.
Name of publisher, distributor, etc. Presses Universitaires de France,<br/>
Date of publication, distribution, etc. 2001.<br/>
520 ## - SUMMARY, ETC.
Summary, etc. SOMMAIREAvant-propos -- Orientations bibliographiques Première partie: NOS CONNAISSANCESChap. I: Les lieux, espace rural, villes -- Chap. II: Le corps, le sens de la beauté corporelle, plaisirs du corps, le corps sous surveillance, le corps souffrant -- Chap. III: Le travail, les clercs de cour, les clercs organiques, les conquêtes de l’idéologie des métiers et du travail -- Chap. IV: Les représentations socio-politiques -- Chap. V: Prophéties et visions de la fin des tempsDeuxième partie: VOIES, RECHERCHES, DEBATSChap. VI: Les sources -- Chap. VII: Concepts -- Chap. VIII: Recherches et nouvelles perspectivesConclusion générale
856 41 - ELECTRONIC LOCATION AND ACCESS
Uniform Resource Identifier <a href="https://shs.cairn.info/mentalites-medievales-xie-xve-siecle-tome-2--9782130518297?lang=fr&redirect-ssocas=7080">https://shs.cairn.info/mentalites-medievales-xie-xve-siecle-tome-2--9782130518297?lang=fr&redirect-ssocas=7080</a>

Pas d'exemplaire disponible.

PLUDOC

PLUDOC est la plateforme unique et centralisée de gestion des bibliothèques physiques et numériques de Guinée administré par le CEDUST. Elle est la plus grande base de données de ressources documentaires pour les Étudiants, Enseignants chercheurs et Chercheurs de Guinée.

Adresse

627 919 101/664 919 101

25 boulevard du commerce
Kaloum, Conakry, Guinée

Réseaux sociaux

Powered by Netsen Group @ 2025